Racionalidad, lenguaje y filosofía

Zapisane w:
Opis bibliograficzny
1. autor: Margáin Charles, Hugo
Format: Książka
Język:Undetermined
Wydane: México, Distrito Federal Fondo de Cultura Económica 1978
Hasła przedmiotowe:
Etykiety: Dodaj etykietę
Nie ma etykietki, Dołącz pierwszą etykiete!

MARC

LEADER 00000nam a2200000Ia 4500
008 170316s9999 xx 000 0 und d
090 |a 100 M-13.1r 
100 |a Margáin Charles, Hugo 
245 |a Racionalidad, lenguaje y filosofía 
260 |a México, Distrito Federal 
260 |b Fondo de Cultura Económica 
260 |c 1978 
300 |a 154 páginas 
650 |a FILOSOFÍA 
999 |c 16908  |d 16908 
040 |a cru BVZT 
942 |c 15 D  |h 100 M-13.1r  |2 z